000 00848nam a2200217Ia 4500
999 _c39675
_d39675
001 6278
003 GE_BSU
005 20190930164554.0
008 181216s1963||||ge |||||||||||||| ||g ||
040 _cGE_BSU
041 _ageo
080 _a821.353.1-1 ბ-25
100 _aბართაია, ევგენი
_94403
245 _aმზე და სიხარული :
_bლექსები /
_cევგენი ბართაია ; რედ. გრ. აბაშიძე.
264 _aთბილისი :
_bლიტერატურა და ხელოვნება ;
_c1963.
300 _a96 გვ. ;
_c17 სმ.
653 _aმზე და სიხარული
653 _aლექსები
700 _aაბაშიძე, გრ.
_eრედაქტორი
_94404
942 _cBK
_2udc